| 000 | 00000nam##2200000za#4500 |
| 001 | 9.577314 |
| 003 | CaOODSP |
| 005 | 20210624185543 |
| 007 | cr ||||||||||| |
| 008 | 150406|1997||||xxc|||||o f|0| 0 eng|d |
| 040 | |aCaOODSP|beng |
| 043 | |an-cn--- |
| 086 | 1 |aFs97-13/1025E-PDF |
| 110 | 1 |aCanada. |bDepartment of Fisheries and Oceans. |
| 245 | 10|aData record of adult sockeye salmon counts and biological data collected at the Docee River fence and from the Area 10 commercial fishery, 1993-1996 / |h[electronic resource]|cby S.K. Bachen, D.T. Rutherford, and R.D. Goruk. |
| 260 | |aNanaimo - British Columbia : |bFisheries and Oceans Canada |c1997. |
| 300 | |a53p.|bfigs., references, tables |
| 490 | 1 |aCanadian data report of fisheries and aquatic sciences|vNo. 1025 |
| 500 | |aOn t.p.: Pacific Biological Station, Nanaimo, British Columbia. The catalogue number and ISSN for the print edition appear in the PDF version. |
| 546 | |a(Résumé en français) |
| 590 | |a13-21-Supp|b2013-09-16 |
| 720 | 1 |aRutherford, D. T. |
| 720 | 1 |aGoruk, R. D. |
| 720 | 1 |aBachen, S. K. |
| 830 | #0|aCanadian data report of fisheries and aquatic sciences ;|vNo. 1025|w(CaOODSP)9.505124 |
| 856 | 40|ahttp://publications.gc.ca|qPDF|s2798 KB|uhttps://publications.gc.ca/collections/collection_2013/mpo-dfo/Fs97-13-1025-eng.pdf|yNo. 1025 |